000 00534nam a2200181Ia 4500
003 GCL
008 140319s9999 xx 000 0 ara d
040 _aGCL /
_cGCL
082 0 4 _a810.9
_bا ك
100 1 _aانور الجندى
245 1 0 _aكامل كيلانى فى مراة التاريخ /
_cانور الجندى
300 _a888 ص
490 _aالهيئة العامة للاستعلامات
_v0
650 0 4 _aالادباء
650 0 4 _aادب الاطفال
650 0 4 _aكامل كيلانى
942 _2ddc
_cBK
999 _c47610
_d47610